Úplné zatmění Slunce v Jerofej Pavloviči

Bibliographic Details
Main Author: Marková, Ema (Author)
Format: Article
Language:Slovak
Czech
Subjects:

MARC

LEADER 00000nab a2200000 a 4500
001 vtls000628315
003 SK-MaSNL
005 20260304092604.0
008 250425c1997 xo 0 slo
015 |a SNBRB19rr/mm-uuuuu 
035 |a CL0628454 
035 |a urn:nbn:sk:snk-abgp9 
035 |a (urnnbn)urn:nbn:sk:snk:ar-a04w7j 
035 |a (uuid)fd5c360d-f2dd-4b6d-a70d-6d6c0eca33e1 
040 |a SNKBUCL  |b slo  |c SNKBUCL  |e AACR2 
041 0 |a cze 
044 |a xo  |c SK 
080 |a 523.9:520.86  |2 1981 
080 |a 520.86  |2 1981 
100 1 |a Marková, Ema  |4 aut  |9 7263 
245 1 0 |a Úplné zatmění Slunce v Jerofej Pavloviči  |c Eva Marková 
300 |b Fotogr. 2 
650 0 7 |a Hvezdáreň, Úpice  |2 snkbucl  |9 1386630 
651 7 |a Slnko (hviezda)  |2 snkbucl  |9 56746 
655 7 |a články z novín a časopisov  |2 snkbucl  |9 267496 
773 0 |t Kozmos  |g Roč. 28, č. 3 (1997), s. 2  |x 0323-049X 
850 |a Slovenská národná knižnica 
852 |a Slovenská národná knižnica 
954 |a odborná, vedecká literatúra cudzojazyčná (svetová)  |2 lita 
958 |a article27 
958 |a CZ 
958 |a RK 
958 |a OND 
958 |a EUIPO 
999 |c 2819607  |d 2821537